| 000 | 00541nam a2200181 a 4500 | ||
|---|---|---|---|
| 001 | 000033157 | ||
| 005 | 20240307185845.0 | ||
| 008 | 110818s1937 dr 000 0 spa d | ||
| 040 |
_aDO-SdBNP _bspa _cBNPHU |
||
| 082 |
_axxxx _bD159c |
||
| 100 | 1 |
_aDamirón, Rafael, _d1882-1956 _927287 |
|
| 245 | 1 | 3 |
_aLa caida del cacique / _cRafael Damirón. |
| 260 |
_aCiudad Trujillo, República Dominicana : _bImp. Listín Diario, _c1937. |
||
| 300 |
_a16 p. ; _c22 cm. |
||
| 490 | 1 |
_aFolleto _vno. 1 |
|
| 830 | 0 |
_aFolleto _vno. 1 _955058 |
|
| 049 | _aBNPD | ||
| 999 |
_c32648 _d32648 |
||